00913 a2200241 4500952013300000999001500133020001500148050002100163100002600184245012500210264003600335300001800371500004100389504004100430650002600471650002000497650002500517650001900542700002800561700003000589700002500619942002700644 00102Library of40708NFICaMCLbMCLcGENd2021-05-17l0oHG 4538 WEL 2001pB0173680r2021-05-17 00:00:00tc.1w2021-05-17yBK c8179d8179 a082134992900aHG 4538 WEL 2001 aWells, Louis eauthor00aUsing tax incentives to compete for foreign investment :bare they worth the costs? /cLouis T. Wells, Jr. ... [et al.]. aU.S.A. :bThe World Bank,c2001 axiv, 108 p. ; aIncludes bibliographical references  aIncludes bibliographical references  0aInvestments, Foreign. 0aTax incentives. 0aInvestments, Foreign 0aTax incentives aAllen, Nancy J.eauthor aMorisset, Jacqueseauthor aPirnia, Nedaeauthor 2lcccBKh4538iWELkHG